Điển tích văn học Một trăm truyện hay Đông Tây kim cổ
v.v...
Đã lưu trong:
| Tác giả chính: | |
|---|---|
| Định dạng: | Sách |
| Năm xuất bản: |
H.
Giáo dục
1996
|
| Phiên bản: | In lần thứ 2 có sửa chữa |
| Chủ đề: | |
| Tags: |
Thêm thẻ
Không có thẻ, Hãy là người đầu tiên gắn thẻ bản ghi này!
|
| LEADER | 01342nam a2200229 4500 | ||
|---|---|---|---|
| 082 | |a 808.83 |b M103TH | ||
| 100 | |a Mai Thục | ||
| 245 | |a Điển tích văn học |c Mai Thục, Đỗ Đức Hiểu |b Một trăm truyện hay Đông Tây kim cổ | ||
| 250 | |a In lần thứ 2 có sửa chữa | ||
| 260 | |a H. |b Giáo dục |c 1996 | ||
| 300 | |a 323 tr. |c 19 cm. | ||
| 520 | |a v.v... | ||
| 653 | |a Văn học | ||
| 653 | |a Thế giới | ||
| 653 | |a Điển tích văn học | ||
| 942 | |2 ddc |c STK0 | ||
| 999 | |c 1872 |d 1872 | ||
| 952 | |0 0 |1 0 |2 ddc |4 0 |6 808_830000000000000_M103TH |7 0 |8 800 |9 28805 |a qbu |b qbu |c D5 |d 2014-12-10 |g 27000 |l 2 |m 1 |o 808.83 M103TH |p 1124.c2 |r 2018-12-20 |s 2018-12-19 |w 2014-12-10 |y STK0 | ||
| 952 | |0 0 |1 0 |2 ddc |4 0 |6 808_830000000000000_M103TH |7 0 |8 800 |9 92285 |a qbu |b qbu |c D5 |d 2015-08-31 |g 27000 |o 808.83 M103TH |p 1124.C3 |r 0000-00-00 |w 2015-08-31 |y STK0 | ||
| 952 | |0 0 |1 0 |2 ddc |4 0 |6 808_830000000000000_M103TH |7 0 |8 800 |9 97832 |a qbu |b qbu |c D5 |d 2015-11-06 |g 27000 |o 808.83 M103TH |p 1124.c1 |r 0000-00-00 |w 2015-11-06 |y STK0 | ||
| 952 | |0 0 |1 0 |2 ddc |4 0 |6 808_830000000000000_M103TH |7 0 |8 800 |9 97833 |a qbu |b qbu |c D5 |d 2015-11-06 |g 27000 |l 1 |o 808.83 M103TH |p 1124.c4 |r 2016-11-08 |s 2016-10-11 |w 2015-11-06 |y STK0 | ||
| 952 | |0 0 |1 0 |2 ddc |4 0 |6 808_830000000000000_M103TH |7 0 |8 800 |9 97834 |a qbu |b qbu |c D5 |d 2015-11-06 |g 27000 |l 1 |o 808.83 M103TH |p 1124.c5 |r 2015-12-14 |s 2015-11-30 |w 2015-11-06 |y STK0 | ||